Взаимодействие символически мыслящего робота с внешней средой и человеком; Информационные технологии; № 6

Dades bibliogràfiques
Parent link:Информационные технологии: теоретический и прикладной научно-технический журнал.— , 2000-
№ 6.— 2004.— С. 2-8
Autor principal: Брындин Е. Г.
Idioma:rus
Publicat: 2004
Col·lecció:Интеллектуальные системы
Matèries:
Format: MixedMaterials Capítol de llibre
KOHA link:https://koha.lib.tpu.ru/cgi-bin/koha/opac-detail.pl?biblionumber=394363

MARC

LEADER 00000naa2a2200000 4500
001 394363
005 20231101064511.0
035 |a (RuTPU)RU\TPU\prd\31080 
090 |a 394363 
100 |a 20041215a2004 k y0rusy50 ca 
101 0 |a rus 
102 |a RU 
200 1 |a Взаимодействие символически мыслящего робота с внешней средой и человеком  |f Е. Г. Брындин 
225 1 |a Интеллектуальные системы 
320 |a Библиогр.: 8 назв. 
461 1 |0 (RuTPU)RU\TPU\prd\1520  |t Информационные технологии  |o теоретический и прикладной научно-технический журнал  |d 2000- 
463 1 |0 (RuTPU)RU\TPU\prd\27820  |t № 6  |v С. 2-8  |d 2004 
610 1 |a роботы 
610 1 |a функциональные структуры 
610 1 |a человек 
610 1 |a естественное взаимодействие 
610 1 |a адаптивное поведение 
610 1 |a информационно-языковое взаимодействие 
610 1 |a информационные технологии 
610 1 |a символическое мышление 
675 |a 529.58:004  |v 3 
700 1 |a Брындин  |b Е. Г. 
801 1 |a RU  |b 63413507  |c 20041215  |g PSBO 
801 2 |a RU  |b 63413507  |c 20130508  |g RCR 
942 |c BK